=LDR 00000nam 2200000 4500 =001 INLIS000000000031118 =005 20130612133217 =008 ***********************************ind** =035 ##$$a0010-061300000031118 =041 ##$$a ind =082 ##$$a 636 =090 ##$$a 636, Rek p =100 ##$$a Reksohadiprodjo,Sudomo =245 ##$$a Pengantar ilmu peternakan tropik, Sudomo Reksohadiprodjo =260 ##$$a 1995 $b Yogyakarta =300 ##$$a xvi,392 hlm, ilus, 23 cm =650 ##$$a Peternak, Ilmu =850 ##$$a NBPNMAT =990 ##$$a 21400344/BPAP-NTB/2014 =990 ##$$a 0001/BPAP-NTB/20142014 =990 ##$$a 0001/BPAP-NTB/20142014